000 00825nam a2200265Ia 4500
003 OSt
005 20221005072636.0
006 a|||||r|||| 00| 0
007 ta
008 221004b |||||||| |||| 00| 0 urd d
020 _a9789388736435 (hbk)
_cINR 350.00
024 _a66448
037 _b2373, 18/02/2020, M.R.Publications
_cTextual
040 _aCRL
_cCRL
_burd
041 _2urd
_aurd
082 _aO168:g(Y15), Q9
100 _aHarganvi Manazir Ashiq Au.
_9179662
245 0 _a101 Khawateen tanqeed nigar
260 _aNew Delhi
_bEducational publishing house India
_c2019
300 _a328p.
_ccm.
650 _a WOMEN
650 _aURDU LITERATURE
942 _hO168:g(Y15), Q9
_cTEXL
_2cc
999 _c979769
_d979769